Handbook of road safety research / (Record no. 542713)
[ view plain ]
| 000 -LEADER | |
|---|---|
| fixed length control field | 00515pam a2200157 a 4500 |
| 020 ## - INTERNATIONAL STANDARD BOOK NUMBER | |
| International Standard Book Number | 0408027800 : |
| 082 00 - DEWEY DECIMAL CLASSIFICATION NUMBER | |
| Classification number | 363.1251 |
| Author Mark | GRI |
| -- | L-18, P-39 |
| 100 1# - MAIN ENTRY--PERSONAL NAME | |
| Personal name | Grime, G. |
| 9 (RLIN) | 38010 |
| 245 10 - TITLE STATEMENT | |
| Title | Handbook of road safety research / |
| Statement of responsibility, etc. | Geoffrey Grime. |
| 260 ## - PUBLICATION, DISTRIBUTION, ETC. | |
| Place of publication, distribution, etc. | London ; |
| -- | Boston : |
| Name of publisher, distributor, etc. | Butterworths, |
| Date of publication, distribution, etc. | 1987. |
| 300 ## - PHYSICAL DESCRIPTION | |
| Extent | ix, 149 p. : |
| Other physical details | ill. ; |
| Dimensions | 25 cm. |
| 526 ## - STUDY PROGRAM INFORMATION NOTE | |
| Program name | 0 |
| Interest level | 0 |
| Reading level | 0 |
| Title point value | 363_125100000000000_GRI |
| 650 #0 - SUBJECT ADDED ENTRY--TOPICAL TERM | |
| Topical term or geographic name entry element | Traffic accidents |
| Geographic subdivision | Great Britain. |
| 9 (RLIN) | 38011 |
| 650 #0 - SUBJECT ADDED ENTRY--TOPICAL TERM | |
| Topical term or geographic name entry element | Traffic safety |
| Geographic subdivision | Great Britain. |
| 9 (RLIN) | 38012 |
| 942 ## - ADDED ENTRY ELEMENTS (KOHA) | |
| Source of classification or shelving scheme | |
| Koha item type | Book |
| Withdrawn status | Lost status | Source of classification or shelving scheme | Damaged status | Not for loan | Permanent Location | Current Location | Date acquired | Total Checkouts | Full call number | Barcode | Date last seen | Price effective from | Koha item type |
|---|---|---|---|---|---|---|---|---|---|---|---|---|---|
| Military College of Engineering (MCE) | Military College of Engineering (MCE) | 02/12/2014 | 363.1251 GRI | MCE-24366 | 02/12/2014 | 02/12/2014 | Book |
